| 000 | 00667nam 22002173 4500 | ||
|---|---|---|---|
| 001 | 200905 | ||
| 010 | _a972-21-0574-4 | ||
| 021 | _b43 327/91 | ||
| 090 | _a200905 | ||
| 100 | _a20231003d u||y0pory50 ba | ||
| 200 |
_aO enviado _econtos _fMaria Isabel Barreno |
||
| 210 |
_aLisboa _cEditorial Caminho _d1991 |
||
| 215 |
_a113 p. _cbrochado _d22 cm |
||
| 225 | _ao campo da palavra | ||
| 327 | _a. - Oferta com dedicatória da escritora ao Prof. Dr. Almeida Faria | ||
| 606 |
_aLiteratura Portuguesa _96 |
||
| 675 |
_a821.134.3-3 _vPT _zpor |
||
| 700 |
_93371 _aBarreno _bMaria Isabel _f1939-2016 |
||
| 801 |
_aPT _bBMMN _gRPC |
||
| 830 |
_cAna Falardo _fAna Falardo |
||
| 990 | _cLIVROS | ||